Về tổ chức tủ sách và thư viện trong trường học /
Xuất bản cuốn sách bước đầu giúp nhà trường chúng ta giải quyết những khó khăn trong quá trình sắp xếp tủ sách và thư viện, làm chỗ dựa vững chắc của việc giảng dạy của giáo viên và việc học tập của học sinh, đồng thời tạo điều kiẹ...
Shranjeno v:
| Glavni avtor: | |
|---|---|
| Drugi avtorji: | |
| Format: | Knjiga |
| Jezik: | Vietnamese |
| Izdano: |
H. :
Văn hóa - Nghệ thuật ,
1962
|
| Izdaja: | In lần thứ 1 |
| Teme: | |
| Oznake: |
Označite
Brez oznak, prvi označite!
|
| Thư viện lưu trữ: | Thư viện Trường CĐ Kỹ Thuật Cao Thắng |
|---|
| LEADER | 01397nam a2200265 a 4500 | ||
|---|---|---|---|
| 001 | TVCDKTCT6839 | ||
| 003 | Thư viện trường Cao đẳng Kỹ thuật Cao Thắng | ||
| 005 | 20170524140328.6 | ||
| 008 | 070509 | ||
| 980 | \ | \ | |a Thư viện Trường CĐ Kỹ Thuật Cao Thắng |
| 024 | |a RG_1 #1 eb0 i9 | ||
| 041 | 0 | # | |a vie |
| 082 | # | # | |a 027.8 / |b V250T-n |
| 100 | 1 | # | |a Nam Lang |
| 245 | 0 | 0 | |a Về tổ chức tủ sách và thư viện trong trường học / |c Nam Lang, Anh Văn |
| 250 | # | # | |a In lần thứ 1 |
| 260 | # | # | |a H. : |b Văn hóa - Nghệ thuật , |c 1962 |
| 300 | # | # | |a 62tr. ; |c 19cm |
| 520 | # | # | |a Xuất bản cuốn sách bước đầu giúp nhà trường chúng ta giải quyết những khó khăn trong quá trình sắp xếp tủ sách và thư viện, làm chỗ dựa vững chắc của việc giảng dạy của giáo viên và việc học tập của học sinh, đồng thời tạo điều kiện để chúng ta đẩy mạnh công tác văn hóa quần chúng trong nhà trường lên một bước cao hơn nữa. |
| 650 | # | 4 | |a Thư viện |
| 650 | # | 4 | |a Thư viện -- Thông tin |
| 650 | # | 4 | |a Thư viện trường học |
| 700 | 0 | # | |a Anh Văn |
| 721 | # | # | |a Công nghệ thông tin |
| 841 | # | # | |b Kho Đĩa |j 101000124 |